000 nam a22 7a 4500
999 _c7381
_d7381
008 170822b xxu||||| |||| 00| 0 eng d
020 _a0876921160
100 _aDean Joel
_93914
245 _aManagerial Economics
260 _aNew delhi
_bprentice hall of india
_c1987